| 000 | 01717nam a2200217Ia 4500 | ||
|---|---|---|---|
| 000 | 02271naaa 00277uu | ||
| 001 | https://directory.doabooks.org/handle/20.500.12854/39558 | ||
| 008 | 211013s9999 xx 000 0 und d | ||
| 042 | _adc | ||
| 245 | 0 | _aSoutheast Asian Anthropologies : National Traditions and Transnational Practices | |
| 260 |
_aSingapore _bNUS Press _c2019 |
||
| 520 | _aAnthropology is a flourishing discipline in Southeast Asia. This book makes visible the development of national traditions and transnational practices of anthropology across the region. The authors are practising anthropologists with decades of experience in the intellectual traditions and institutions that have taken root in the region. Three overlapping issues are addressed in these pages. First, the historical development of traditions of research, scholarship, and social engagement across diverse anthropological communities of the region, which have adopted and adapted global anthropological trends to their local circumstances. Second, the opportunities and challenges faced by Southeast Asian anthropologists as they practise their craft in different political contexts. Third, the emergence of locally-grounded, intra-regional, transnational linkages and practices. The book contributes to a 21st-century, world anthropologies paradigm from a Southeast Asian perspective. | ||
| 540 | _aCreative Commons | ||
| 653 | _aAnthropology | ||
| 700 | 1 | _aThompson, Eric C. | |
| 856 | _uhttps://library.oapen.org/bitstream/20.500.12657/25192/1/1004899.pdf | ||
| 856 | _uhttps://library.oapen.org/bitstream/20.500.12657/25192/1/1004899.pdf | ||
| 856 | _uwww.oapen.org | ||
| 942 | _cE-BOOK | ||
| 999 |
_c52746 _d52746 |
||